000 00259nam a2200109Ia 4500
008 190914s9999||||xx |||||||||||||| ||und||
100 _aSanjay Sharma
245 0 _aPrinciples of Communication
260 _aCanada
_bPearson
_c1998
300 _a120
942 _cBK
999 _c9847
_d9847